Helpers at birds' nests : a worldwide survey of cooperative breeding and related behavior /

Bibliographic Details
Main Author: Skutch, Alexander F. (Alexander Frank), 1904-2004
Format: Book
Language:English
Published: Iowa City : University of Iowa Press, 1987.
Edition:1st ed.
Subjects:

MARC

Tag First Indicator Second Indicator Subfields
LEADER 00000cam a2200000 a 4500
001 in00000577792
005 20151014080026.0
008 870518s1987 iaua b 00110 eng d
010 |z  86019295  
020 |a 0877451508 
035 |a (OCoLC)15704233 
035 |9 ACP8347AM 
040 |a BBH  |c BBH  |d m/c  |d TXA  |d UtOrBLW 
049 |a TXAM  |c [A09994813] 
090 |a QL698.3  |b .S55 1987 
100 1 |a Skutch, Alexander F.  |q (Alexander Frank),  |d 1904-2004. 
245 1 0 |a Helpers at birds' nests :  |b a worldwide survey of cooperative breeding and related behavior /  |c by Alexander F. Skutch ; illustrated by Dana Gardner. 
250 |a 1st ed. 
264 1 |a Iowa City :  |b University of Iowa Press,  |c 1987. 
300 |a x, 298 pages :  |b illustrations ; 27 cm. 
336 |a text  |b txt  |2 rdacontent 
337 |a unmediated  |b n  |2 rdamedia 
338 |a volume  |b nc  |2 rdacarrier 
500 |a Includes index. 
504 |a Bibliography: pages 271-285. 
650 0 |a Birds  |x Behavior. 
650 0 |a Familial behavior in animals. 
650 0 |a Social behavior in animals. 
740 0 |a Cooperative breeding and related behavior. 
999 |a MARS 
999 f f |s ffdd3ccf-4a3a-30df-b3f1-b3915f0b8096  |i 11bd6d7f-e735-33d1-bc8b-d233a73235d7  |t 0 
952 f f |p ric  |a Texas A&M University  |b Rellis Campus  |c Joint Library Facility  |d Remote Storage  |t 0  |e QL698.3 .S55 1987  |h Library of Congress classification  |i unmediated -- volume  |m A14809994813 
998 f f |a QL698.3 .S55 1987  |t 0  |l Remote Storage